000 00902nam a2200229 a 4500
001 48067
003 BD-RjUL
005 20211209054443.0
008 160811s2008 bg ||||| |||| 00| 0 ben d
020 _a9848670556
_c: Tk. 120.00
035 _a(BD-RjUL)48186
040 _aBD-RjUL
_bben
_cBD-RjUL
041 _aben
082 _223
_a891.4409
_bHAS 2008
100 _aহক, হাসান আজিজুল
_9145726
245 1 0 _aসাক্ষাৎকার ও অন্যান্য রচনা /
_cহাসান আজিজুল হক
260 _aঢাকা :
_bএকুশে বাংলা প্রকাশন,
_c২০০৮
300 _a৮০ পৃ. ;
_c২০ সেমি
650 _aবাংলা সাহিত্য
_xইতিহাস ও সমালোচনা
_9145727
650 _aBengali Literature
_xHistory and Criticism
_9145728
942 _2ddc
_cBK
999 _c48067
_d48067